Countries of Africa - 30 Second Sprint - Statistics

General Stats
  • This quiz has been taken 3,941 times
    3,638 since last reset
  • The average score is 18 of 54
Answers on the Map
Answers color-coded by a green-red scale on the quiz's map according to % correct below.
 
Answer Stats
Country % Correct
Egypt
83%
Algeria
78%
Libya
76%
Morocco
68%
Sudan
67%
Tunisia
65%
Niger
63%
Chad
61%
Democratic Republic of the Congo
60%
Mali
59%
Nigeria
58%
Republic of the Congo
56%
Somalia
48%
Togo
46%
South Africa
44%
South Sudan
44%
Ethiopia
43%
Benin
42%
Ghana
41%
Kenya
39%
Central African Republic
38%
Eritrea
37%
Angola
36%
Madagascar
33%
Djibouti
30%
Gabon
27%
Gambia
27%
Mauritania
27%
Liberia
26%
Uganda
26%
Cameroon
25%
Lesotho
25%
Namibia
24%
Tanzania
24%
Malawi
23%
Zambia
23%
Cape Verde
22%
Guinea
21%
Burundi
20%
Rwanda
20%
Senegal
20%
Mozambique
17%
São Tomé and Príncipe
17%
Zimbabwe
17%
Botswana
16%
Swaziland
15%
Burkina Faso
12%
Comoros
12%
Ivory Coast
10%
Mauritius
10%
Seychelles
10%
Sierra Leone
10%
Guinea-Bissau
9%
Equatorial Guinea
3%
No matching quizzes found
Score Distribution
Percent of People with Each Score
Percentile by Number Answered
Your Score History
You have not taken this quiz since the last reset